Quizzes
Events
Quiz Creation
Community
Videos
Private Events
Remove Ads
Sign In
Join for FREE
Feedback
Dark Mode
Quiz Categories
Sports
Geography
Music
Movies
Television
Just For Fun
Miscellaneous
History
Literature
Language
Science
Gaming
Entertainment
Religion
Holiday
For Kids
Quiz Lab
Recent
Popular Today
Quiz Kudos Today
Editor Picks
Curator Picks
Quizzes by...
Day
Popularity
Type
Ratings
Length
Year
Community
Subscriptions
Recent Discussions
Orange Saloon
Badges
Playlists
Quests
Create
Leaderboards
Showdown
Live 5
Trivia Bingo
Activity
Puzzle Library
Sporcle Events
Private Events
Virtual Trivia
Globe League
Become a Host
Pub Owners
SporcleCon
Opinionation
Our Games
Videos
Blog
Mobile Apps
Partnerships
Remove Ads and Go Orange
Feedback
Literature
Harry Potter
A Song of Ice and Fire
The Hunger Games
Literary Character
Shakespeare
Book
Author
Novel
Poem
Young Adult
Children's Books
Play
Lord of the Rings
Literature
Harry Potter
A Song of Ice and Fire
The Hunger Games
Literary Character
Shakespeare
Book
Author
Novel
Poem
Young Adult
Children's Books
Play
Lord of the Rings
Random Quiz
Search Sporcle
×
Quiz Lab
Quiz Lab
Literature
Harry Potter
Type in answers that appear in a list
Type in answers that appear in a list
Classic
Best Score? Go Orange.
Harry Potter People by Fact Stats
Can you name the Harry Potter People by Fact?
By
Bogeiman
6m
20 Questions
740 Plays
740 Plays
740 Plays
Comments
Comments
Give Quiz Kudos
Give Quiz Kudos
-
- Ratings
hide this ad
Forced Order
Answers have to be entered in order
Answers have to be entered in order
Random Order
Randomize order of answers
Randomize order of answers
Replay
Link that replays current quiz
Next Quiz
Link to next quiz in quiz playlist
You Got
0%
They Got
Avg Score
94%
Avg Friend Score
Upgrade to see
Score Distribution
Jump to the score distribution portion of the page
Score
0/20
Timer
06:00
0
Plays Today
Fact
Person
% Correct
His name is not to be spoken
Lord Voldemort
97.6%
A loyal godfather
Sirius Black
97.3%
His parents were tortured by the Cruciatus Curse
Neville Longbottom
97.3%
Has a lightning scar on his forehead
Harry Potter
97.2%
Parents are Dentists
Hermione Granger
96.9%
The Head of Gryffindor House
Minerva Mcgonagall
96.2%
Believes in Nargles
Luna Lovegood
96.1%
The only one he ever feared
Albus Dumbledore
95.9%
An animagi rat
Peter Pettigrew
95.7%
Was bitten by Fenrir Greyback as a boy
Remus Lupin
95%
Fact
Person
% Correct
Kills her cousin
Bellatrix Lestrange
94.7%
Joint owner of a joke shop
Fred Weasley
94.6%
Only has one ear
George Weasley
94.5%
Has a crush on the Chosen one
Ginny Weasley
93.6%
Was expelled in his third year
Rubeus Hagrid
93.5%
Trainee Death Eater
Draco Malfoy
93.2%
Big fan of the Chudley Cannons
Ron Weasley
92.8%
Fake Death Eater
Severus Snape
92.7%
Director of a drilling firm
Vernon Dursley
89.6%
Metamorphmagus who married a werewolf
Nymphadora Tonks
84.6%
Quiz Playlist
Details
Report
Send in Message
Add To Playlist
Classic:
Type in answers that appear in a list
Forced Order:
Answers have to be entered in order
Random Order:
Randomize order of answers
Last Updated: Feb 16, 2017
Quiz Scoreboard
CHALLENGE
Sign Up to Join the Scoreboard
Show All
Scores
Hide
Comments
May contain spoilers
Recently Published
NBA Finals Game Top Scorers (2010s)
by flibbidy
Sports
5m
Guess the 'R' Things in 3 Words
by MSUKent
Miscellaneous
3m
Actor to Badly Drawn Movie III
by MoMosMoProblems
Movies
5m
More to Explore
Quiz From the Vault
Featured Blog Post
Where Does Lost Luggage Go?
hide this ad
You Might Also Like...
Tags
Harry Potter Quiz
Today's Top Quizzes in Literature
Browse Literature
hide this ad
Today's Top Quizzes in Harry Potter
Browse Harry Potter
Top Contributed Quizzes in Literature
1
3-Word Books in 1 Word II
2
Mad Scientists in Literature
3
Image Sorting: Children's Book Characters
4
Pick 3: Harry Potter Hogwarts Quidditch Players
5
Harry Potter Logic Quiz New
6
HP Logic Puzzle: 'Eyes green as fresh-picked toads...'
7
Quick Pick: Margaret Atwood Novels
8
Quick Pick: Literary Title Characters 1
9
Sneaky Slytherin Logic Puzzle
10
Literature Missing Word Rainbow
Explore More
Trending Topics
Harry Potter
Marvel
NBA
Disney
Crossword
Kpop
Anime
Song
WWE
Puzzle
Pokémon
The Office
NFL
Country
Soccer
hide this ad
More By:
Bogeiman
Quiz
Plays
Rating
Category
Featured
Created
Harry Potter Advance Guard
10,983
3.85
Literature
Nov 26, 2010
Harry Potter Girlfriends
1,716
2.29
Literature
Nov 26, 2010
City Quiz: Sheffield
1,549
3.60
Geography
Jan 22, 2011
India: Test Cricket Records
1,432
3.33
Sports
Jul 15, 2011
Top tens: England
1,320
4.53
Geography
Oct 28, 2011
Go to Creator's Profile
Score Distribution
Quiz Creator Spotlight
Bogeiman
Follow
Send a Message
Quizzes Created
-
Created Quiz Play Count
-
More By This Creator
Popular Quizzes Today
1
Find the US States - No Outlines Minefield
2
Find the US States
3
The Countries of the World
4
10 Largest US States in Order
5
Find the Countries of Europe - No Outlines Minefield
6
US States
7
Guess the 'R' Things in 3 Words
8
NBA Finals Game Top Scorers (2010s)
More Literature Quizzes
Writers Born in the 1890s
Editor's Pick
Trending Quizzes
First Name TV: Leading Men
Match the Book to the Film II
First Name TV: Leading Women Drama
3-Word Movies in 1 Word II
Match the Book to the Film VI
Recently Updated
Women's Final Four Teams by Year
bhenderson79
Presidents Quartet II
eogle
Anything But Clue(do)
eogle
Anything But Oceanian Capitals
eogle
Anything But 7
eogle
Anything But Thing
eogle
Word Ladder: February 29
pecheneg
Song Title Questions
pecheneg
Women's NCAA Tournament #1 Seeds
pecheneg
Celebrity Mug Shots
pecheneg
Trending Topics
NBA
Disney
Marvel
Anime
Harry Potter
Kpop
Crossword
The Office
WWE
Song
NFL
Country
Soccer
Pokémon
Puzzle
Your Account Isn't Verified!
In order to create a playlist on Sporcle, you need to verify the email address you used during registration. Go to your
Sporcle Settings
to finish the process.
Report this User
Report this user for behavior that violates our
Community Guidelines
.
Details:
Send Report
Go to the Sporcle.com Mobile Site →
Comments